Psicología de la organización
保存先:
| 第一著者: | |
|---|---|
| フォーマット: | 図書 |
| 言語: | スペイン語 |
| 出版事項: |
Ciudad de México
Prentice-Hall Hispanoamericana
1982
|
| 主題: | |
| タグ: |
タグ追加
タグなし, このレコードへの初めてのタグを付けませんか!
|
MARC
| LEADER | 00000nam a2200000 a 4500 | ||
|---|---|---|---|
| 001 | UCR1098 | ||
| 003 | CL-VaPUC | ||
| 008 | 971212e19820000MX |||||||||||||||||spa|d | ||
| 082 | 0 | 4 | |a 158.7 |b SCH |2 21 |
| 100 | 0 | |a Schein, Edgard H |e author |9 397928 | |
| 245 | 1 | 0 | |a Psicología de la organización |
| 300 | |a 252 p | ||
| 942 | |c BK | ||
| 945 | |d 19971212 00:00:00 |a rleighto | ||
| 260 | |a Ciudad de México |b Prentice-Hall Hispanoamericana |c 1982 | ||
| 650 | 0 | |a Psicología industrial |9 271739 | |
| 650 | 0 | |a Relaciones humanas |9 307340 | |
| 650 | 0 | |a Naturaleza humana |9 308593 | |
| 650 | 0 | |a Liderazgo |9 271835 | |
| 583 | |a last modification |c 20130101 09:36:41 |k Rodrigo Vera | ||
| 999 | |c 264590 |d 264588 | ||
| 952 | |0 0 |1 0 |4 0 |6 158_700000000000000_SCH_1982 |7 0 |8 A |9 294919 |a BIBGIM |b BIBGIM |d 2019-11-19 |i 3381676 |o 158.7 SCH 1982 |p 3381676 |r 2025-01-15 |w 2019-11-19 |y BK |k SSL | ||
| 952 | |0 0 |1 0 |4 0 |6 158_700000000000000_SCH_1982 |7 0 |8 A |9 294920 |a BIBGIM |b BIBGIM |d 2019-11-19 |i 3381684 |o 158.7 SCH 1982 |p 3381684 |r 2025-01-15 |w 2019-11-19 |y BK |k SSL | ||
| 952 | |0 0 |1 0 |4 0 |6 158_700000000000000_SCH_1982 |7 0 |8 A |9 294921 |a BIBENE |b BIBENE |d 2019-11-19 |i 3580717 |o 158.7 SCH 1982 |p 3580717 |r 2024-01-16 |w 2019-11-19 |y BK |k ICO | ||
| 952 | |0 0 |1 0 |4 0 |6 158_700000000000000_SCH_1982 |7 0 |8 A |9 294922 |a BIBING |b BIBING |d 2019-11-19 |i 4515056 |o 158.7 SCH 1982 |p 4515056 |r 2025-01-20 |w 2019-11-19 |y BK |k EII | ||